00702nam a2200181Ia 4500008004100000020001800041050002100059110002700080245005800107250001000165260004500175300002000220500002300240650004400263952009800307952009800405999001700503120721s9999 xx 000 0 und d a968-7427-30-2 aKGF3230 A28 2000 aMéxico [Leyes, etc.] aAgenda de la administración pública federal, 2000 a2a ed aMéxico : Ediciones Fiscales ISEF, 2000 a338 p. ; 15 cm. a"Versión cosida" a1. Derecho administrativo - MéxicoÌ 00104070a08b08d2009-03-04l0oKGF3230 A28 2000p08 000353r2012-07-20t2w2012-07-20yLB 00104070a08b08d2008-12-17l0oKGF3230 A28 2000p08 000354r2012-07-20t1w2012-07-20yLB c81502d81502